| 000 | 00607nam a2200169Ia 4500 | ||
|---|---|---|---|
| 008 | 140925s9999 xx 000 0 und d | ||
| 245 |
_aHospitality Administration and Management Commons / _h[electronic resource] |
||
| 260 |
_bDigital Common Network, _cc2014. |
||
| 516 | _aElectronic text | ||
| 650 | _aHospitality. | ||
| 650 | _aManagement. | ||
| 650 | _aTourism. | ||
| 830 | _aDigital Common Network | ||
| 856 | _uhttp://network.bepress.com/explore/business/hospitality-administration-and-management/?facet=publication_facet:%22Journal+of+Tourism+Insights%22 | ||
| 942 | _cEJ | ||
| 999 |
_c275745 _d275745 |
||